000
00257nam a2200097Ia 4500
001
689616
005
20250826161637.0
008
250824s9999 xx 000 0 und d
245
0
_a
İNANÇ PSİKOLOJİSİ VE BİLİM
_c
NEVZAT TARHAN
260
_b
TİMAŞ YAYINLARI
999
_c
689616
_d
689616